000 00462cam a2200181ua 4500
001 6375
008 131204n ii |||gr||||Z||||||eng
020 _a81-7663-816-1
040 _cMAIN
082 _a657.3
245 1 1 _aFinancial statement analysis
_cBy N.Wazid Ali
260 _aLudhiana:
_bKalyani publishers,
_c2000.
300 _ax,4.75p.
653 _aCommerce
653 _aFinancial statement analysis
700 1 _aAli,N. Wazid,
_eAuthor.
942 _cBK
999 _c5526
_d5526